000 00569nam a22001937a 4500
005 20251108172746.0
008 250721s2002 xx 000 0 ara d
082 1 4 _a628.16/ردا
100 1 _aالردايدة، جمال أحمد
_eمؤلف
245 1 0 _aكيمياء المياه ومعالجتها /
264 1 _aإربد :
_bدار الأمل،
_c2002.
300 _a249ص
650 1 7 _aالإصحاح
650 1 7 _aمعالجة المياه
650 1 7 _aكيمياء المياه
650 1 7 _aصحة البيئة
942 _2ddc
_cBK
999 _c87773
_d87773